[Event "Julian Borowski GM"]
[Site "Essen"]
[Date "1999.04.02"]
[Round "6"]
[White "Zvjaginsev, Vadim"]
[Black "De Firmian, Nick E"]
[Result "1/2-1/2"]
[WhiteElo "2658"]
[BlackElo "2610"]

1.e4 c5 2.Nf3 d6 3.d4 Nf6 4.Bb5+ Bd7 5.Bxd7+ Qxd7 6.dxc5 Nxe4 7.cxd6 Nxd6
8.O-O Nc6 9.Nc3 g6 10.Bf4 Bg7 11.Bxd6 Bxc3 12.Bxe7 Bxb2 13.Bg5 Bxa1 14.Qxa1 O-O
15.Bh6 f6  1/2-1/2

[Event "Julian Borowski GM"]
[Site "Essen"]
[Date "1999.04.04"]
[Round "8"]
[White "Christiansen, Larry Mark"]
[Black "De Firmian, Nick E"]
[Result "1/2-1/2"]
[WhiteElo "2581"]
[BlackElo "2610"]

1.e4 e5 2.Nf3 Nf6 3.Nc3 Nc6 4.Bb5 Bb4 5.O-O O-O 6.d3 Bxc3 7.bxc3 d6 8.Bg5 h6
9.Bh4 Qe7 10.Re1 g5 11.Bg3 Bg4 12.h3 Bh5 13.d4 Rad8 14.Rb1 Nb8 15.Bf1 c5
16.Qd3 Nc6 17.d5 Na5 18.Nd2 Bg6 19.f3 Nh5 20.Bf2 f5  1/2-1/2

[Event "Sigeman & Co"]
[Site "Malmoe"]
[Date "1999.06.08"]
[Round "1"]
[White "Gelfand, Boris"]
[Black "De Firmian, Nick E"]
[Result "1/2-1/2"]
[WhiteElo "2691"]
[BlackElo "2610"]

1.d4 Nf6 2.c4 e6 3.Nc3 Bb4 4.Qc2 O-O 5.a3 Bxc3+ 6.Qxc3 Ne4 7.Qc2 f5 8.Nh3 d6
9.f3 Nf6 10.e3 e5 11.dxe5 dxe5 12.Be2 c5 13.O-O Nc6 14.Nf2 a5 15.b3 b6 16.Bb2 Ra7
17.Rfd1 Rd7 18.Rxd7 Qxd7 19.Rd1 Qe7 20.Bf1 h6 21.Rd2 Rd8 22.Rxd8+ Qxd8 23.Bd3 Qd7
24.h3 Qe6  1/2-1/2

[Event "Sigeman & Co"]
[Site "Malmoe"]
[Date "1999.06.09"]
[Round "2"]
[White "Timman, Jan H"]
[Black "De Firmian, Nick E"]
[Result "0-1"]
[WhiteElo "2670"]
[BlackElo "2610"]

1.e4 c5 2.Nf3 d6 3.d4 Nf6 4.Nc3 cxd4 5.Nxd4 a6 6.Be3 e5 7.Nb3 Be6 8.f3 h5
9.Qd2 Nbd7 10.O-O-O Rc8 11.Kb1 Be7 12.Nd5 Bxd5 13.exd5 Nb6 14.Bxb6 Qxb6 15.Bd3 g6
16.Rhe1 Nd7 17.g3 Kd8 18.Re4 Nc5 19.Rb4 Qc7 20.Nxc5 dxc5 21.d6 Bxd6 22.Rb3 Ke7
23.Be4 b5 24.Rd3 Rhd8 25.Qg5+ Ke8 26.Bxg6 Be7 27.Qxh5 fxg6 28.Qxg6+ Kf8 29.Qxa6 Rxd3
30.Qh6+ Kf7 31.Qh7+ Kf8 32.cxd3 Bf6 33.Qf5 Kg7 34.h4 Ra8 35.Rc1 Qf7 36.b3 c4
37.dxc4 Qa7 38.Qc2 bxc4 39.h5 Kh8 40.b4 e4 41.Qxc4 exf3  0-1

[Event "Sigeman & Co"]
[Site "Malmoe"]
[Date "1999.06.11"]
[Round "4"]
[White "Lautier, Joel"]
[Black "De Firmian, Nick E"]
[Result "1/2-1/2"]
[WhiteElo "2596"]
[BlackElo "2610"]

1.d4 Nf6 2.c4 e6 3.Nf3 b6 4.a3 Bb7 5.Nc3 Ne4 6.Nxe4 Bxe4 7.Nd2 Bb7 8.e4 g6
9.Bd3 Bg7 10.Nf3 d6 11.O-O O-O 12.Re1 Nd7 13.Bg5 Bf6 14.Bh6 Bg7 15.Bg5 Bf6
16.Be3 c5 17.Qd2 cxd4 18.Bxd4 Ne5 19.Nxe5 Bxe5 20.Bf1 Qc7 21.Rad1 Rad8 22.Qe3 Bxd4
23.Rxd4 e5 24.Rd2 f5 25.exf5 Rxf5 26.Red1  1/2-1/2

[Event "Politiken Cup"]
[Site "Copenhagen"]
[Date "1999.07.04"]
[Round "2"]
[White "De Firmian, Nick E"]
[Black "Rasmussen, Casper"]
[Result "1-0"]
[WhiteElo "2598"]
[BlackElo "2240"]

1.e4 c5 2.Nf3 e6 3.Nc3 a6 4.g3 d6 5.Bg2 Nf6 6.O-O Nc6 7.d4 cxd4 8.Nxd4 Qc7
9.Re1 Be7 10.Nxc6 bxc6 11.e5 dxe5 12.Rxe5 Bd6 13.Bf4 Bxe5 14.Bxe5 Qxe5 15.Bxc6+ Bd7
16.Bxa8 Qb8 17.Bf3 Qxb2 18.Rb1 Qxc3 19.Qd6 Nd5 20.Rb7 Bc8 21.Bxd5 Bxb7 22.Bxb7 Qa5
23.Bc6+  1-0

[Event "Politiken Cup"]
[Site "Copenhagen"]
[Date "1999.07.05"]
[Round "3"]
[White "Hardarson, Robert"]
[Black "De Firmian, Nick E"]
[Result "1/2-1/2"]
[WhiteElo "2331"]
[BlackElo "2598"]

1.e4 c5 2.d4 cxd4 3.c3 dxc3 4.Nxc3 Nc6 5.Nf3 d6 6.Bc4 a6 7.O-O Nf6 8.b4 Bg4
9.b5 Bxf3 10.gxf3 axb5 11.Bxb5 g6 12.Nd5 Bg7 13.Bb2 Nh5 14.Bxg7 Nxg7 15.Rc1 O-O
16.Bxc6 bxc6 17.Rxc6 Rxa2 18.Rc8 Qd7 19.Rc7 Qd8 20.Rc8 Qd7 21.Rc7 Qd8 22.Rc8 Qd7  1/2-1/2

[Event "Politiken Cup"]
[Site "Copenhagen"]
[Date "1999.07.06"]
[Round "4"]
[White "Schneider, Stefan"]
[Black "De Firmian, Nick E"]
[Result "0-1"]
[WhiteElo "2353"]
[BlackElo "2598"]

1.d4 Nf6 2.c4 e6 3.Nf3 c5 4.d5 exd5 5.cxd5 d6 6.Nc3 g6 7.Bf4 a6 8.e4 b5 9.Qe2 Be7
10.Qc2 O-O 11.Be2 Re8 12.O-O Bf8 13.Nd2 b4 14.Nd1 Nxd5 15.exd5 Rxe2 16.Be3 a5
17.Qd3 Ba6 18.Nc4 Qh4 19.Rc1 Rxe3 20.Ndxe3 Nd7 21.Qd1 f5 22.Re1 Nf6 23.Qf3 Ne4
24.Nxa5 Bg7 25.Nec4 Bd4 26.Rc2 Bxc4 27.Nxc4 Nxf2 28.Rxf2 Bxf2+ 29.Qxf2 Qxc4
30.Qd2 Qd4+ 31.Qxd4 cxd4 32.Ra1 Ra5 33.a4 bxa3 34.bxa3 Kf7 35.Kf2 Kf6 36.Ke2 Ra4
37.Kd3 Ke5 38.Ra2 Kxd5 39.Ra1 f4 40.Ra2 g5 41.h3 h5 42.Ra1 g4 43.hxg4 hxg4
44.Ra2 Ke5 45.Ra1 Kf5 46.Ra2 d5 47.Ra1 Kg5 48.Rh1 Rxa3+ 49.Kxd4 Ra2  0-1

[Event "Politiken Cup"]
[Site "Copenhagen"]
[Date "1999.07.07"]
[Round "5"]
[White "De Firmian, Nick E"]
[Black "Jonkman, Harmen"]
[Result "1-0"]
[WhiteElo "2598"]
[BlackElo "2421"]

1.e4 e5 2.Nf3 Nc6 3.Bb5 Nf6 4.O-O Nxe4 5.d4 Nd6 6.Bxc6 dxc6 7.dxe5 Nf5 8.Qxd8+ Kxd8
9.Nc3 Ke8 10.h3 a5 11.Rd1 Ne7 12.Nd4 Ng6 13.f4 Bc5 14.Be3 Bxd4 15.Rxd4 h5
16.Rad1 Bf5 17.R4d2 Nf8 18.Ne2 Ne6 19.Ng3 g6 20.Kf2 h4 21.Ne2 Rh5 22.Kf3 Ke7
23.c4 Rg8 24.Kf2 Ra8 25.Nc3 g5 26.Rd7+ Ke8 27.fxg5 Rc8 28.Kf3 Nxg5+ 29.Bxg5 Rxg5
30.Kf4 Rh5 31.Ne4 Bxe4 32.Kxe4 Rg5 33.e6 Rxg2 34.exf7+ Kf8 35.Rf1 Rxb2 36.Rf4 Re2+
37.Kf5 Rxa2 38.Rxh4 Rf2+ 39.Kg6 Rg2+ 40.Rg4 Rf2  1-0

[Event "Politiken Cup"]
[Site "Copenhagen"]
[Date "1999.07.08"]
[Round "6"]
[White "De Firmian, Nick E"]
[Black "Hoi, Carsten"]
[Result "1/2-1/2"]
[WhiteElo "2598"]
[BlackElo "2394"]

1.e4 e6 2.d4 d5 3.Nc3 Nf6 4.e5 Nfd7 5.f4 c5 6.Nf3 Nc6 7.Be3 cxd4 8.Nxd4 Bc5
9.Qd2 O-O 10.O-O-O Qe7 11.Be2 a6 12.Rhe1 Bxd4 13.Bxd4 b5 14.Bf2 Rd8 15.Qd3 Bb7
16.Qh3 Qb4 17.g3 Rac8 18.Bd3 Nf8 19.Bb6 Re8 20.f5 Qe7 21.Qg4 Kh8 22.f6 gxf6
23.exf6 Qxf6 24.Rd2 Qg7 25.Qh5 Nb4 26.Rf2 Nxd3+ 27.cxd3 Ng6 28.Kb1 Kg8 29.d4 Bc6
30.a3 Bd7 31.Ref1 f5 32.Re1 a5 33.Qd1 b4 34.axb4 axb4 35.Na4 Bxa4 36.Qxa4 Qb7
37.Bc5 Ra8 38.Qxb4 Qa6 39.Kc2 Reb8 40.Qc3 Qa4+ 41.b3 Qb5 42.Kc1 Ra6 43.Rb2 Ra1+
44.Kd2 Rba8 45.Rc2 Rxe1 46.Kxe1 Rc8 47.b4 Ra8 48.Re2 f4 49.Kf2 Qd7 50.Kg2 h5
51.Qd3 Kg7 52.Rf2 e5 53.dxe5 h4 54.e6 Qxe6 55.Bd4+ Kh6 56.gxf4 Qg4+ 57.Kh1 Re8
58.Be3 Qh3 59.Rg2 Re4 60.f5+ Rxe3 61.Rxg6+ Kh5 62.Qxd5 Re1+ 63.Rg1 Rxg1+
64.Kxg1 Qg4+ 65.Kf2 Qxb4 66.f6+  1/2-1/2

[Event "Politiken Cup"]
[Site "Copenhagen"]
[Date "1999.07.10"]
[Round "7"]
[White "Mortensen, Erling"]
[Black "De Firmian, Nick E"]
[Result "1/2-1/2"]
[WhiteElo "2445"]
[BlackElo "2598"]

1.e4 c5 2.Nf3 d6 3.d4 cxd4 4.Nxd4 Nf6 5.Nc3 a6 6.Be2 e5 7.Nb3 Be7 8.O-O O-O
9.Kh1 b6 10.Bg5 Nbd7 11.Nd5 Nxd5 12.Qxd5 Rb8 13.Bxe7 Qxe7 14.Rad1 Nf6 15.Qxd6 Qxd6
16.Rxd6 Nxe4 17.Rd5 Re8 18.Kg1 Kf8 19.Rfd1 Bb7 20.Rd7 Nf6 21.R7d6 Be4 22.c3 Bc2
23.Rc1 Bxb3 24.axb3 Red8 25.Rxd8+ Rxd8 26.Bxa6 Rd2 27.Rb1 Ng4 28.f3 Ne3 29.Re1 Nxg2
30.Rxe5 Nf4 31.Bf1 f6 32.Rb5 Nd5 33.Bc4 Ne3 34.Rxb6 Rg2+ 35.Kh1 Rxb2 36.Rb8+ Ke7
37.Rb7+ Kf8 38.Rb8+ Ke7 39.Rb7+ Kf8 40.Rf7+ Kg8 41.Re7+ Nxc4 42.bxc4 Kf8
43.Rc7 Rc2 44.h4 h5 45.c5 Rxc3 46.Kg2 g5 47.hxg5  1/2-1/2

[Event "Politiken Cup"]
[Site "Copenhagen"]
[Date "1999.07.11"]
[Round "8"]
[White "De Firmian, Nick E"]
[Black "Barkhagen, Jonas"]
[Result "1-0"]
[WhiteElo "2598"]
[BlackElo "2442"]

1.e4 e5 2.Nf3 Nc6 3.Bb5 a6 4.Ba4 Nf6 5.O-O Be7 6.Re1 b5 7.Bb3 O-O 8.c3 d6
9.h3 Nd7 10.d4 Bf6 11.a4 Bb7 12.Na3 exd4 13.cxd4 Re8 14.Bf4 Na5 15.Bc2 b4
16.Nb1 g6 17.Nbd2 Nf8 18.e5 Ne6 19.Bh6 dxe5 20.dxe5 Be7 21.Qe2 Bd5 22.Rad1 c6
23.Nf1 Qb6 24.Ne3 Red8 25.Nxd5 cxd5 26.Be3 Bc5 27.Bxc5 Qxc5 28.Bd3 Qb6 29.Nh2 Nb3
30.Ng4 h5 31.Nf6+ Kg7 32.Bb1 Nbd4 33.Qe3 Rac8 34.Rd2 b3 35.Red1 Rc4 36.a5 Qc5
37.Bd3 Rc1 38.Bxa6 Rxd1+ 39.Rxd1 Qxa5 40.Bd3 Qb4 41.Rc1 Nc2 42.Qf3 Qf4 43.Qxf4 Nxf4
44.Bf1 h4 45.Rd1 g5 46.Bc4 Nb4 47.Bxb3 Nbd3 48.Nh5+ Nxh5 49.Rxd3 Nf4 50.Rd2 Rb8
51.Bd1 Ng6 52.Rxd5 Rxb2 53.Bg4 Rb1+ 54.Kh2 Kh6 55.Rd6 Rb5 56.e6 fxe6 57.Bxe6 Kg7
58.Rd1 Re5 59.Bg4 Nf4 60.Kg1 Kf6 61.Kf1 Kg7 62.Ra1 Kf6 63.Bf3 Kg7 64.Ra4 Kf6
65.Be4 Kg7 66.Bf3 Kf6 67.g3 hxg3 68.fxg3 Ng6 69.Be4 Re6 70.Kf2 Rb6 71.Ke3 Nf8
72.Ra5 Rb3+ 73.Kf2 Ne6 74.Rf5+ Ke7 75.Bd5 Rb2+ 76.Ke3 Rh2 77.Re5 Kd6 78.Rxe6+ Kxd5
79.Re8 Rh1 80.Kf3 Rxh3 81.Kg4 Rh7 82.Kf5 Rg7 83.Rd8+ Kc5 84.Kf6 Ra7 85.Rg8 Ra6+
86.Kf5  1-0

[Event "Politiken Cup"]
[Site "Copenhagen"]
[Date "1999.07.12"]
[Round "9"]
[White "Schandorff, Lars"]
[Black "De Firmian, Nick E"]
[Result "0-1"]
[WhiteElo "2514"]
[BlackElo "2598"]

1.d4 Nf6 2.c4 e6 3.Nc3 Bb4 4.Qc2 c5 5.dxc5 Na6 6.a3 Bxc3+ 7.Qxc3 Nxc5 8.b4 Nce4
9.Qd4 d5 10.c5 b6 11.f3 bxc5 12.bxc5 Qa5+ 13.Qb4 Qc7 14.fxe4 Rb8 15.Qa4+ Bd7
16.c6 O-O 17.Bd2 Bxc6 18.Qc2 Nxe4 19.Nf3 Rfc8 20.e3 Qb6 21.Bd3 Bb5 22.Qb3 Qa6
23.Bxb5 Rxb5 24.Qd3 Qb6 25.O-O Rb3 26.Rfc1 Rxc1+ 27.Rxc1 h6 28.Qd4 Rxa3 29.Bb4 Rb3
30.Be1 Rxe3 31.Qxb6 axb6 32.Rb1 f6 33.Rxb6 e5 34.Kf1 d4 35.Nh4 Ra3 36.Nf5 Ra1
37.Nd6 Nc5 38.Ke2 d3+  0-1

[Event "Politiken Cup"]
[Site "Copenhagen"]
[Date "1999.07.13"]
[Round "10"]
[White "Hansen, Sune Berg"]
[Black "De Firmian, Nick E"]
[Result "1/2-1/2"]
[WhiteElo "2558"]
[BlackElo "2598"]

1.e4 c5 2.Nc3 d6 3.f4 g6 4.Nf3 Bg7 5.Bc4 Nf6 6.O-O O-O 7.d3 Nc6 8.Qe1 Nd4
9.Bb3 Nxb3 10.axb3 Ne8 11.Qh4 f5 12.Bd2 Nc7 13.Ng5 h6 14.Nf3 e6 15.Qg3 Kh7
16.Kh1 b6 17.Rae1 Bb7 18.Nd1 d5 19.Nf2 dxe4 20.dxe4 Nb5 21.c3 Nd6 22.Qh3 Nxe4
23.Nxe4 Bxe4 24.Ng5+ Kh8 25.Nxe4 fxe4 26.Bc1 Qd5 27.Qe3 Qxb3 28.Qxe4 Kh7
29.Qxe6 Qxe6 30.Rxe6 Rae8 31.Rxe8 Rxe8 32.Kg1 Kg8 33.Kf2 Rd8 34.Ke2 a5 35.Be3 Kf7
36.g4 h5 37.h3 hxg4 38.hxg4 Rh8 39.Kd3 Rh2 40.Rf2 Rh4 41.Kc4 Rxg4 42.Kb5 Rg3
43.Re2 a4 44.Kxb6 a3 45.bxa3 Bxc3 46.Kxc5 Kf6 47.a4 Kf5 48.Kb5 Kg4 49.Bc1 Rh3
50.Rc2 Rh5+ 51.Kc6 Rh8 52.Kb7 Rh3 53.Ka6 Kf5 54.a5 Ke4 55.Kb6 Kd3 56.Rg2 Rh1
57.Rg3+ Kd4 58.Be3+ Ke4 59.a6 Rb1+ 60.Kc6 Ra1 61.a7 Bd4 62.Bxd4 Kxd4 63.Kb7 Rb1+
64.Ka8 Rb6 65.Rh3 Ke4 66.Rh8 Kxf4 67.Rb8 Ra6 68.Kb7 Rxa7+ 69.Kxa7 g5 70.Rf8+ Ke4
71.Rg8 Kf4 72.Kb6 g4 73.Kc5 g3 74.Kd4 Kf3 75.Kd3 g2 76.Kd2 Kf2 77.Rf8+ Kg3
78.Rg8+  1/2-1/2

[Event "USA-ch G2"]
[Site "Salt Lake City"]
[Date "1999.08.26"]
[Round "4"]
[White "Serper, Grigory"]
[Black "De Firmian, Nick E"]
[Result "1/2-1/2"]
[WhiteElo "2540"]
[BlackElo "2598"]

1.c4 c5 2.Nf3 Nc6 3.d4 cxd4 4.Nxd4 e6 5.Nc3 Nf6 6.g3 Bc5 7.Nb3 Bb4 8.Bg2 b6
9.Nd4 Bb7 10.Nb5 Na5 11.Bxb7 Nxb7 12.Qa4 Be7 13.O-O O-O 14.Bf4 a6 15.Nd4 Qc8
16.Nb3 Nd6 17.Bxd6 Bxd6 18.Rfd1 Qc7 19.Nd2 Be5 20.Rdc1 Rfd8 21.Rc2 Qb8 22.Nde4 Nxe4
23.Nxe4 b5 24.cxb5 axb5 25.Qb3 d5 26.Nc5 Bd6 27.a3 h6 28.Rac1 Ra7 29.Qe3 Qb6
30.Qb3 Rc7 31.Nd3 Rxc2 32.Qxc2 b4 33.Qb3 Rb8 34.axb4 Kh7 35.Qc2 g6 36.Qa4 Bxb4
37.Rc6 Qd8 38.Qc2 Rb7 39.Rc8 Qd7 40.h4 Bd6 41.h5 Rc7 42.hxg6+ fxg6 43.Rxc7 Qxc7
44.Qa4 e5 45.e4 dxe4 46.Qxe4 h5 47.b4 Qb6 48.Qc4 Kg7 49.b5 e4 50.Qxe4 Bxg3
51.Qe7+ Kg8 52.Qe8+ Kg7 53.Qe7+ Kg8 54.Kg2 Bb8 55.Qe8+ Kg7 56.Qe7+ Kg8 57.Qe6+ Kg7
58.Ne5 Bxe5 59.Qxe5+ Kf7 60.Qd5+ Ke7 61.Qe5+ Kd7 62.f4 Qe6 63.Qd4+  1/2-1/2

[Event "Wichern op 5th"]
[Site "Hamburg"]
[Date "1999.10.15"]
[Round "1"]
[White "Zickelbein, Eva Maria"]
[Black "De Firmian, Nick E"]
[Result "0-1"]
[WhiteElo "2095"]
[BlackElo "2598"]

1.e4 c5 2.Nc3 Nc6 3.g3 g6 4.Bg2 Bg7 5.d3 d6 6.Be3 e5 7.Qd2 Nd4 8.Nd5 Be6
9.c4 Ne7 10.Nxe7 Qxe7 11.Ne2 f5 12.Bxd4 cxd4 13.O-O O-O 14.f4 fxe4 15.Bxe4 Bh3
16.Rf2 Rae8 17.Qa5 b6 18.Qd5+ Kh8 19.Bg2 Bf5 20.Be4 exf4 21.Rxf4 Bh6 22.Qxd4+ Qg7
23.Qxg7+ Kxg7 24.Rff1 Bxe4 25.dxe4 Rxe4 26.Nc3 Rxc4 27.Rae1 Rxf1+ 28.Kxf1 Kf7
29.Nb5 Bf8 30.b3 Rc5 31.Nxa7 Ra5 32.Nc8 Rxa2 33.Nxb6 Rxh2 34.Re3 Bh6 35.Rd3 Ke6
36.Kg1 Rc2 37.Nd5 Rc5 38.Ne3 d5 39.Kf2 Bxe3+ 40.Rxe3+ Kd6 41.Re8 Rc2+  0-1

[Event "Wichern op 5th"]
[Site "Hamburg"]
[Date "1999.10.17"]
[Round "3"]
[White "Klovans, Janis"]
[Black "De Firmian, Nick E"]
[Result "1/2-1/2"]
[WhiteElo "2465"]
[BlackElo "2598"]

1.e4 c5 2.Nf3 d6 3.d4 cxd4 4.Nxd4 Nf6 5.Nc3 a6 6.Be3 Ng4 7.Bg5 h6 8.Bh4 g5
9.Bg3 Bg7 10.Be2 h5 11.Bxg4 hxg4 12.O-O Nc6 13.Nf5 Bxc3 14.bxc3 Qa5 15.Qxg4 f6
16.f4 Bxf5 17.exf5 gxf4 18.Qxf4 Qxc3 19.Rae1 O-O-O 20.Re4 Rd7 21.Rc4 Qa5
22.a4 Kb8 23.Rb1 Rc7 24.Qe3 Qd5 25.Re4 Qxf5 26.Bf2 Kc8 27.h3 Rg8 28.Rb2 Qd5
29.c4 Qd1+ 30.Kh2 e5 31.Qb6 f5 32.Ree2 f4 33.Red2 Qf1 34.Bh4 f3 35.g3 Qxc4
36.Rxd6 e4 37.Rbd2 Kb8 38.g4 Qb4 39.Rd8+ Rc8 40.Bg3+ Ka8 41.Qxb4 Nxb4 42.Rxg8 Rxg8
43.Rd4 Nd3 44.Rxe4 Rc8 45.h4 Rc2+ 46.Kh3 Rc1 47.Re8+ Ka7 48.Rf8 Rh1+ 49.Bh2 Nf2+
50.Kg3 Nxg4 51.Kxg4 Rxh2 52.Rxf3 b5 53.a5 Rg2+ 54.Kh5 Ra2 55.Rf7+ Kb8 56.Kg6 Rg2+
57.Kh6 b4 58.Rf6 Ka7 59.Rb6 Rb2 60.Kg5 b3 61.Kg4 Rb1 62.Kg3 b2 63.Kg2 Ra1
64.Rxb2 Rxa5 65.Kg3 Rc5  1/2-1/2

[Event "Wichern op 5th"]
[Site "Hamburg"]
[Date "1999.10.17"]
[Round "4"]
[White "De Firmian, Nick E"]
[Black "Hochgraefe, Markus"]
[Result "1-0"]
[WhiteElo "2598"]
[BlackElo "2367"]

1.e4 e6 2.d4 d5 3.Nc3 Bb4 4.e5 Ne7 5.a3 Bxc3+ 6.bxc3 c5 7.Nf3 b6 8.Bb5+ Bd7
9.Bd3 c4 10.Bf1 Ba4 11.g3 Nbc6 12.Bh3 h6 13.Nh4 g6 14.Nf3 Kd7 15.Bg2 Qg8
16.h4 Rf8 17.Nh2 Qg7 18.Ng4 Ng8 19.Bf4 Kc8 20.Qe2 Rd8 21.O-O-O Qf8 22.Kb2 Qe7
23.Qd2 Qf8 24.Rdf1 Rd7 25.Be3 h5 26.Nh2 Rb7 27.Nf3 b5 28.Ra1 a5 29.Kc1 Kb8
30.Re1 Ka7 31.Bg5 Ka6 32.Qf4 Nb8 33.Kd2 Rh7 34.Bh3 Nd7 35.Nh2 Ne7 36.Nf1 Nf5
37.Ne3 Ka7 38.Qf3 Ne7 39.Ng2 Nf5 40.Nf4 Ne7 41.Re2 Ka6 42.Ke1 Ka7 43.Kf1 Ka6
44.Kg1 Ka7 45.Kh2 Ka6 46.Ng2 Ng8 47.Qf4 Ne7 48.f3 Nf5 49.g4 Ng7 50.Qg3 Ka7
51.Nf4 Ka8 52.gxh5 Nxh5 53.Nxh5 Rxh5 54.Kg2 Rh7 55.Kf2 Rb8 56.Ke3 Kb7 57.Bg4 Re8
58.Qf4 Kc6 59.Kd2 Qh8 60.Rh2 Kc7 61.Qg3 Kc6 62.Qe1 Kc7 63.Kc1 Kc6 64.Kb2 Kc7
65.Qd2 Kc6 66.Rah1 Qf8 67.h5 gxh5 68.Rxh5 Rxh5 69.Bxh5 Rb8 70.Ra1 f6 71.exf6 Nxf6
72.Bxf6 Qxf6 73.Re1 Rb6 74.Bg4 Kd7 75.Re5 Rd6 76.f4 Qg6 77.Bxe6+ Kc6 78.f5 Qg4
79.Bxd5+ Rxd5 80.Qh6+ Rd6 81.Rc5+ Kd7 82.Qh7+  1-0

[Event "Wichern op 5th"]
[Site "Hamburg"]
[Date "1999.10.20"]
[Round "7"]
[White "Salov, Sergei"]
[Black "De Firmian, Nick E"]
[Result "0-1"]
[WhiteElo "2299"]
[BlackElo "2598"]

1.e4 c5 2.Nf3 d6 3.d4 cxd4 4.Nxd4 Nf6 5.Nc3 a6 6.Bg5 e6 7.f4 Qb6 8.Qd2 Qxb2
9.Rb1 Qa3 10.Be2 Be7 11.O-O Nc6 12.Nxc6 bxc6 13.e5 dxe5 14.fxe5 Qc5+ 15.Kh1 Qxe5
16.Bf4 Qc5 17.Na4 Qa7 18.Nb6 O-O 19.Nxa8 Qxa8 20.Rb3 Qa7 21.Be3 c5 22.Bf3 Qc7
23.c4 Bd6 24.g3 Nd7 25.Bg2 Ne5 26.Qe2 a5 27.Ra3 Ba6 28.Rc1 Rd8 29.Bd2 Nc6
30.Bc3 Be5 31.Bxe5 Nxe5 32.Qe4 h6 33.h3 f6 34.Kh2 Kf7 35.Qe2 Rd4 36.Qh5+ Ke7
37.Rac3 Rd2 38.R1c2 Rxc2 39.Rxc2 Bxc4 40.Qh4 Bd5 41.Qa4 Bxg2 42.Kxg2 Qb7+
43.Kg1 Nf3+ 44.Kh1 Qb1+  0-1

[Event "Open"]
[Site "Las Palmas ESP"]
[Date "1999.12.01"]
[Round "1"]
[White "DeFirmian,N"]
[Black "Mueller,W SUI"]
[Result "1-0"]
[WhiteElo "2598"]
[BlackElo "2112"]

1.e4 c5 2.Nf3 d6 3.d4 cxd4 4.Nxd4 Nf6 5.Nc3 a6 6.Be2 e6 7.a4 Be7 8.O-O O-O
9.f4 Nc6 10.Be3 Qc7 11.Kh1 Bd7 12.Nb3 Na5 13.Nxa5 Qxa5 14.Qd3 Rac8 15.Bf3 Qc7
16.a5 Bc6 17.Bb6 Qb8 18.Rfd1 Nd7 19.Bf2 Rfd8 20.Qe3 Bf6 21.Be1 Re8 22.Ra2 d5
23.e5 Be7 24.Ne2 Bb5 25.Nd4 Bc5 26.b3 g5 27.Bg3 gxf4 28.Qxf4 Bf8 29.Bh5 Re7
30.Nxb5 axb5 31.Rf1  1-0

[Event "Open"]
[Site "Las Palmas ESP"]
[Date "1999.12.07"]
[Round "7"]
[White "DeFirmian,N"]
[Black "Roeder,M"]
[Result "1-0"]
[WhiteElo "2598"]
[BlackElo "2426"]

1.e4 c5 2.Nf3 d6 3.d4 cxd4 4.Nxd4 Nf6 5.Nc3 a6 6.Be2 e5 7.Nb3 Be7 8.Bg5 Be6
9.Qd2 Nbd7 10.f4 Rc8 11.f5 Bc4 12.Bxc4 Rxc4 13.Qd3 Qc7 14.O-O-O b5 15.Nd2 Rc6
16.Bxf6 Nxf6 17.Nd5 Nxd5 18.exd5 Rb6 19.Kb1 O-O 20.Ne4 f6 21.g4 b4 22.h4 Rc8
23.Rd2 Qc4 24.Qf3 a5 25.g5 a4 26.b3 Qb5 27.Rg1 Kh8 28.gxf6 Bxf6 29.h5 Rf8
30.h6 Rb7 31.Rdg2 axb3 32.axb3 Ra8 33.hxg7+ Bxg7 34.f6 Qa5 35.fxg7+ Rxg7
36.Kc1 Qxd5 37.Rxg7 Ra1+ 38.Kb2  1-0

[Event "Open"]
[Site "Las Palmas ESP"]
[Date "1999.12.08"]
[Round "8"]
[White "DeFirmian,N"]
[Black "Todorcevic,M"]
[Result "1-0"]
[WhiteElo "2598"]
[BlackElo "2458"]

1.e4 g6 2.d4 Bg7 3.Nc3 d6 4.f4 Nf6 5.Nf3 O-O 6.Bd3 Na6 7.O-O c5 8.d5 Bg4
9.Bc4 Nc7 10.h3 Bd7 11.a4 a6 12.e5 Nfe8 13.a5 Bb5 14.Qd3 Bxc4 15.Qxc4 Nb5
16.Ne4 Nd4 17.Nxd4 cxd4 18.Qxd4 Qc7 19.Qd3 dxe5 20.c4 Nd6 21.Nxd6 exd6 22.f5 e4
23.Qxe4 Be5 24.Kh1 Rfe8 25.Qh4 Rac8 26.Ra4 b5 27.axb6 Qxb6 28.Ra3 Qd4 29.Qxd4 Bxd4
30.b3 Ra8 31.Bf4 Bc5 32.Ra4 Re4 33.fxg6 hxg6 34.Kh2 a5 35.Bd2 Bb6 36.Rfa1 Rb8
37.Rb1 Bd8 38.Kg3 Rd4 39.Bxa5 Bxa5 40.Rxa5 Rxc4 41.bxc4 Rxb1 42.Ra6 Rc1 43.Rc6 Kf8
44.Kg4 Rc2 45.g3 Ke7 46.Kg5 Rc3 47.Rc7+ Kf8 48.Kf4 Rc1 49.h4 Rf1+ 50.Ke3 Ke8
51.Ke2 Rc1 52.Kf3 Kd8 53.Rc6 Kd7 54.Kf4 Rf1+ 55.Kg5 Rg1 56.Kg4 Rc1 57.Kf3 Rf1+
58.Kg2 Rd1 59.Ra6 Rc1 60.Ra7+ Ke8 61.Rc7 Rc3 62.g4 Kf8 63.Rc6 Kg7 64.Kf2 f5
65.g5 Kf7 66.Rc7+ Kf8 67.Ke2 Rh3 68.Rd7 Rxh4 69.Rxd6 Rxc4 70.Rxg6 Ke7 71.Rf6 Rf4
72.Ke3 Rf1 73.Kd4  1-0

[Event "Open"]
[Site "Las Palmas ESP"]
[Date "1999.12.09"]
[Round "9"]
[White "Rausis,I"]
[Black "DeFirmian,N"]
[Result "1/2-1/2"]
[WhiteElo "2496"]
[BlackElo "2598"]

1.e4 c5 2.Nf3 d6 3.d4 cxd4 4.Nxd4 Nf6 5.Nc3 a6 6.g3 e6 7.Bg2 Be7 8.O-O Bd7
9.Re1 Nc6 10.Nxc6 Bxc6  1/2-1/2

[Event "DEN-chT 9899"]
[Site "Denmark"]
[Date "1999.??.??"]
[Round "4"]
[White "Schandorff, Lars"]
[Black "De Firmian, Nick E"]
[Result "1/2-1/2"]
[WhiteElo "2525"]
[BlackElo "2590"]

1.Nf3 c5 2.c4 Nc6 3.d4 cxd4 4.Nxd4 e6 5.g3 Qb6 6.Nc2 Bc5 7.e3 d5 8.cxd5 exd5
9.Bg2 Nf6 10.h3 O-O 11.O-O Rd8 12.Nc3 Bf5 13.Na4 Qa5 14.Nxc5 Qxc5 15.Nd4 Be4
16.b3 Ne5 17.Bb2 Nd3 18.Qe2 Rac8 19.Rfd1 Nxb2 20.Qxb2 Qe7 21.Rac1 Bxg2 22.Kxg2 g6
23.Rxc8 Rxc8 24.Rc1 Rxc1 25.Qxc1 a6 26.Qc8+ Kg7 27.Nf3 Ne4 28.Qc2 h5 29.Qb2+ f6
30.Nd2 Qb4 31.Nxe4 Qxe4+ 32.Kg1 h4 33.gxh4 Qxh4 34.Qc3 Qxh3 35.Qc7+ Kh6 36.Qf4+ Kh5
37.Qxf6 Qg4+ 38.Kf1 Qe4 39.Qh8+ Kg5 40.Qd8+ Kh5  1/2-1/2

[Event "DEN-chT 9899"]
[Site "Denmark"]
[Date "1999.??.??"]
[Round "6"]
[White "De Firmian, Nick E"]
[Black "Lyrberg, Patrik"]
[Result "1/2-1/2"]
[WhiteElo "2610"]
[BlackElo "2409"]

1.e4 e6 2.d4 d5 3.Nc3 Bb4 4.e5 c5 5.a3 Ba5 6.b4 cxd4 7.Qg4 Ne7 8.bxa5 dxc3
9.Qxg7 Rg8 10.Qxh7 Nbc6 11.Nf3 Qc7 12.Bf4 Bd7 13.Bd3 O-O-O 14.Bg3 Rh8 15.Qg7 Qxa5
16.O-O d4 17.Rfe1 Rdg8 18.Qxf7 Rf8 19.Qg7 Rfg8 20.Qf7 Rf8 21.Qg7 Rfg8  1/2-1/2

[Event "US Masters"]
[Site "Oak Bridge, IL USA"]
[Date "2000.03.12"]
[Round "7"]
[White "DeFirmian,N"]
[Black "Fedorowicz,J"]
[Result "1-0"]
[WhiteElo "2570"]
[BlackElo "2540"]

1.e4 c5 2.Nf3 d6 3.d4 cxd4 4.Nxd4 Nf6 5.Nc3 Nc6 6.Bc4 Qb6 7.Ndb5 a6 8.Be3 Qa5
9.Nd4 Ne5 10.Nb3 Qc7 11.Bd3 e6 12.f4 Nc6 13.Na4 Nd7 14.c4 Nb4 15.O-O Nxd3
16.Qxd3 Be7 17.Bd4 O-O 18.Qg3 Bf6 19.e5 dxe5 20.fxe5 Be7 21.c5 Qc6 22.Nc3 a5
23.a4 Nxc5 24.Nxc5 Bxc5 25.Bxc5 Qxc5+ 26.Kh1 Qb4 27.Rf4 Qxb2 28.Raf1 Bd7
29.Rg4 g6 30.Ne4 Bc6 31.Nf6+ Kg7 32.Qh4 h6 33.Nh5+ Kh7 34.Nf6+ Kg7 35.Nh5+ Kh7
36.Rxg6  1-0

[Event "19th Open"]
[Site "Reykjavik ISL"]
[Date "2000.04.12"]
[Round "8"]
[White "Ehlvest,J"]
[Black "DeFirmian,N"]
[Result "1-0"]
[WhiteElo "2622"]
[BlackElo "2570"]

1.e4 c5 2.Nf3 d6 3.d4 Nf6 4.Nc3 cxd4 5.Nxd4 a6 6.Be3 Ng4 7.Bg5 h6 8.Bh4 g5
9.Bg3 Bg7 10.h3 Nf6 11.Qf3 Nc6 12.Nxc6 bxc6 13.e5 dxe5 14.Bxe5 O-O 15.Bd3 Qa5
16.Qe2 Be6 17.O-O c5 18.Rfe1 Rfd8 19.b3 Nd7 20.Bxg7 Kxg7 21.Ne4 Nf6 22.Qe3 Rac8
23.Ng3 Rc6 24.Re2 Qc3 25.Rae1 a5 26.Qf3 Rb6 27.Re3 Qb2 28.Re5 Qd4 29.Bc4 Qf4
30.Qc3 Bxc4 31.R5e4 Qd2 32.Rxc4 Qxc3 33.Rxc3 Rd5 34.Nf1 e6 35.Ne3 Re5 36.Rd1 Ra6
37.a4 Ne4 38.Rcd3 Nf6 39.Kf1 Ne4 40.Rd7 Ng3+ 41.Kg1 Ne2+ 42.Kh2 Nd4 43.Rc7 Kg6
44.c3 Nf5 45.Ng4 Re2 46.Rxc5 h5 47.Ne5+ Kf6 48.Nd7+ Kg7 49.Kg1 g4 50.hxg4 hxg4
51.g3 Rb2 52.Rc4 Nh6 53.Rc7 e5 54.Nxe5 Rf6 55.Nd3 Rxb3 56.Nf4 Rf5 57.Re1 Ra3
58.Rc4 Ng8 59.Kg2 Ra2 60.Kf1 Nf6 61.Re2 Ra1+ 62.Kg2 Kf8 63.Nd3 Rd5 64.Ne5 Rc1
65.Re3 Rc2 66.Rf4 Rd6 67.c4 Kg7 68.Nxg4 Nh5 69.Rf5 Kg6 70.Rxa5 f6 71.Rc5 Rd4
72.Nh2 Ng7 73.Nf3 Rd7 74.Rc6 Kf7 75.a5 Ra2 76.a6 Ra7 77.Nd4 R7xa6 78.Rxa6 Rxa6
79.Kf3 Ne6 80.Ke4 Nd8 81.c5 Ke8 82.Kd3+  1-0

[Event "North Sea Cup"]
[Site "Esbjerg DEN"]
[Date "2000.07.08"]
[Round "2"]
[White "Nielsen,PH"]
[Black "DeFirmian,N"]
[Result "1-0"]
[WhiteElo "2578"]
[BlackElo "2567"]

1.d4 Nf6 2.c4 e6 3.Nc3 Bb4 4.Qc2 c5 5.dxc5 Na6 6.a3 Bxc3+ 7.Qxc3 Nxc5 8.b4 Nce4
9.Qb2 d5 10.c5 h6 11.f3 Ng5 12.Be3 O-O 13.Bd4 Bd7 14.e3 Ne8 15.h4 Nh7 16.Bd3 f6
17.Qc2 f5 18.Ne2 Nef6 19.Be5 Qe8 20.Nd4 Ba4 21.Qxa4 Qxa4 22.Bb5 Qxb5 23.Nxb5 Ne8
24.Nd4 Rf7 25.Rc1 Nf8 26.c6 bxc6 27.Rxc6 Re7 28.Kf2 Kf7 29.Rhc1 Nd7 30.Bc7 g5
31.Nb5 a6 32.Nd6+ Kf6 33.hxg5+ hxg5 34.Rh1 Kg6 35.Nxe8 Rexe8 36.Bd6 Rec8
37.Rhc1 Rxc6 38.Rxc6 Kf6 39.f4 gxf4 40.exf4 Kg6 41.Ke3 Nf6 42.Be5 Ng4+ 43.Kd4 Kf7
44.Rc7+ Ke8 45.Bd6 Kd8 46.Rg7 Rc8 47.Bc5 Rc6 48.a4 Kc8 49.Re7 Kd8 50.Ra7 Kc8
51.Ra8+ Kb7 52.Re8 Nf6 53.Re7+ Kc8 54.b5 axb5 55.axb5 Rc7 56.Rxe6 Nh5 57.b6 Rg7
58.Ke5 Rxg2 59.Re8+ Kb7 60.Re7+ Ka6 61.Ra7+ Kb5 62.b7 Re2+  1-0